00656nam a2200217 a 450000100060000000300080000600500170001400800410003102000150007203500190008704000230010604100080012908200240013724500800016125000120024126000360025330000330028950400530032265000260037570000370040159715BD-RjUL20211209080748.0170101s1986 ilua b 001 0 eng  a0256033609 a(BD-RjUL)59839 aDLCcDLCdDLCbeng aeng00a658.3223bPER 198600aPersonnel/human resource management /cHerbert G. Heneman III ... [et al.]. a3rd ed. aHomewood, Ill. :bIrwin,c1986. axv, 745 p. :bill. ;c25 cm. aIncludes bibliographical references and indexes. 0aPersonnel management.1 aHeneman, Herbert Gerhard,d1944-